|
|
|
|
| LEADER |
00969nam a2200253 a 4500 |
| 001 |
000676015 |
| 003 |
CZ BrMZK |
| 005 |
20030701141037.0 |
| 008 |
030701s1978 xr f cze d |
| 015 |
|
|
|a cnb000418648
|
| 035 |
|
|
|a (OCoLC)42148225
|
| 040 |
|
|
|a BOA001
|b cze
|c BOA001
|
| 100 |
1 |
|
|a Červenková, Anna,
|d 1933-
|7 jk01021692
|4 aut
|
| 245 |
1 |
0 |
|a Aktuální problémy rozvoje terciární sféry /
|c vypracovala Anna Červenková, Ida Rýdlová ; statistická spolupráce Libuše Šubrtová
|
| 260 |
|
|
|a Praha :
|b Ústředí vědeckých, technických a ekonomických informací,
|c 1978
|
| 300 |
|
|
|a 121 s.
|
| 500 |
|
|
|a Rozmnoženo
|
| 504 |
|
|
|a Bibliografie na s. 93-95
|
| 700 |
1 |
|
|a Šubrtová, Libuše
|4 aut
|
| 700 |
1 |
|
|a Rýdlová, Ida
|7 jk01103290
|4 aut
|
| 910 |
|
|
|a BOA001
|b PK-N-0020.686
|
| 964 |
|
|
|a Služby - ekonomika - studie srovnávací
|
| 990 |
|
|
|a BK
|
| 996 |
7 |
|
|b 3119644803
|c PK-N-0020.686
|l MZK
|r Sklad / do 1 hodiny
|n 2
|w 000676015
|u 000010
|a 1
|e BOA001
|j MZK50
|s A
|